Investigation of Concentration of Economic Power. Monograph No. 30 : Survey of Shareholdings in 1,710 Corporations with Securities Listed on a National Securities Exchange. Study Made under the Auspices of the Securities and Exchange Commission for the Temporary National Economic Committee, 76th Congress, 3d Session.

By Helene Granby.

Bibliographic Details
Corporate Authors: United States. Temporary National Economic Committee, ProQuest (Firm)
Format: eBook
Language:English
Published: [Place of publication not identified] : [publisher not identified], 1940-1941.
Series:U.S. Congressional Research.
Subjects:
Online Access:Connect to the full text of this electronic book

MARC

Tag First Indicator Second Indicator Subfields
LEADER 00000cam a22000001a 4500
001 in00003297413
006 m d f
007 cr bn mmmapmmp
008 100505m19401941dcu o f000 0 eng d
005 20260430214619.1
035 |a cis2007830050 
040 |a LexisNexis  |c LexisNexis  |d UtOrBLW 
043 |a n-us--- 
099 |a CMP-1941-NEC-0012 
110 1 |a United States.  |b Temporary National Economic Committee. 
245 1 0 |a Investigation of Concentration of Economic Power. Monograph No. 30 :  |b Survey of Shareholdings in 1,710 Corporations with Securities Listed on a National Securities Exchange. Study Made under the Auspices of the Securities and Exchange Commission for the Temporary National Economic Committee, 76th Congress, 3d Session. 
264 1 |a [Place of publication not identified] :  |b [publisher not identified],  |c 1940-1941. 
300 |a 1 online resource. 
336 |a text  |b txt  |2 rdacontent 
337 |a computer  |b c  |2 rdamedia 
338 |a online resource  |b cr  |2 rdacarrier 
500 |a Record is based on bibliographic data in LexisNexis U.S. Congressional Research Digital Collection (last viewed May 2010). Reuse except for individual research requires license from LexisNexis. 
500 |a Print. 
520 |a By Helene Granby. 
500 |a Electronic resource. 
650 0 |a Governmental investigations  |z United States. 
650 0 |a Corporations. 
650 0 |a Big business. 
655 7 |a Electronic books.  |2 local 
710 2 |a ProQuest (Firm) 
776 0 8 |i Microfiche version:   |a United States. Temporary National Economic Committee.   |t Investigation of Concentration of Economic Power. Monograph No. 30: Survey of Shareholdings in 1,710 Corporations with Securities Listed on a National Securities Exchange. Study Made under the Auspices of the Securities and Exchange Commission for the Temporary National Economic Committee, 76th Congress, 3d Session.  |o S5132 
830 0 |a U.S. Congressional Research. 
856 4 0 |u http://proxy.library.tamu.edu/login?url=https://congressional.proquest.com/congcomp/getdoc?CRDC-ID=CMP-1941-NEC-0012  |z Connect to the full text of this electronic book  |t 0 
999 |a MARS 
999 f f |s 68ae2904-c8d5-3563-a3fa-68593ee766ba  |i c785ab47-04a3-3e8b-b224-edd908a0a601  |t 0 
952 f f |a Texas A&M University  |b College Station  |c Electronic Resources  |s www_evans  |d Available Online  |t 0  |e CMP-1941-NEC-0012  |h Other scheme 
998 f f |a CMP-1941-NEC-0012  |t 0  |l Available Online